<?xml version="1.0" encoding="UTF-8"?>
<collection xmlns:xsi="http://www.w3.org/2001/XMLSchema-instance" xsi:schemaLocation="http://www.loc.gov/MARC21/slim http://www.loc.gov/standards/marcxml/schema/MARC21slim.xsd" xmlns="http://www.loc.gov/MARC21/slim">
 <record>
  <leader>00000ctm a22000004a 4500</leader>
  <controlfield tag="001">UP-99796217603116316</controlfield>
  <controlfield tag="003">Buklod</controlfield>
  <controlfield tag="005">20230503092542.0</controlfield>
  <controlfield tag="006">m    |o  d |      </controlfield>
  <controlfield tag="007">ta</controlfield>
  <controlfield tag="008">230331s1995    xx      r    |||| u|eng d</controlfield>
  <datafield tag="035" ind1=" " ind2=" ">
   <subfield code="a">(iLib)UPD-00000179759</subfield>
  </datafield>
  <datafield tag="040" ind1="0" ind2=" ">
   <subfield code="a">DENGII</subfield>
   <subfield code="e">rda</subfield>
  </datafield>
  <datafield tag="041" ind1="0" ind2=" ">
   <subfield code="a">eng</subfield>
  </datafield>
  <datafield tag="090" ind1="0" ind2="0">
   <subfield code="a">LG 993.5 1995 C65</subfield>
   <subfield code="b">G42</subfield>
  </datafield>
  <datafield tag="100" ind1="1" ind2=" ">
   <subfield code="a">Gratil, Glenn C.</subfield>
  </datafield>
  <datafield tag="245" ind1="0" ind2="0">
   <subfield code="a">eXplain</subfield>
   <subfield code="b">data conferencing for the X window system</subfield>
   <subfield code="c">Glenn C. Gratil ... [et al.].</subfield>
  </datafield>
  <datafield tag="264" ind1=" " ind2="1">
   <subfield code="c">1995.</subfield>
  </datafield>
  <datafield tag="300" ind1=" " ind2=" ">
   <subfield code="a">75 leaves</subfield>
  </datafield>
  <datafield tag="502" ind1=" " ind2=" ">
   <subfield code="a">Thesis (B.S. Computer Science)--University of the Philippines Diliman.</subfield>
  </datafield>
  <datafield tag="520" ind1=" " ind2=" ">
   <subfield code="a">The goal of telecommunication has always been to enable people to exchange information the way they do in face-to-face communication even though they are miles apart With a telephone, a person can speak to another who is somewhere else on the globe. With the postal system, people cu exchange letters and documents: The fix machine fets people to do both. The Internet provides alternatives to these services with programs like e-mail. tip, and talk. However, none of these technologies cater to more than two people at a time. Thus, there is a need for conferencing systems that facilitate group discussions.&#13;
&#13;
eXplain, a data conferencing application for the X Window System, incorporates the exchange of textual, graphical and undio data among users in a group session. Conferees can view a graphics image simultaneously and swap memages mong each other, either by typing on the keyboard or speaking through the microphone. In education and in business, a significantly large amount of time, money and effort can be ved if people were to take advantage of these conferencing capabilities.&#13;
&#13;
eXplain taps the huge potential of computer networks to achieve more than whit Filipinos have been able to do in the realm of telecommunication. With eXplain, maps cun easily be shown, mathematical equations written, foreign words pronounced, and spreadsheets shared, to bring together people from distant places in a single on-line sembly.&quot;&#13;
</subfield>
  </datafield>
  <datafield tag="650" ind1="0" ind2="0">
   <subfield code="a">Computer conferencing.</subfield>
  </datafield>
  <datafield tag="650" ind1="0" ind2="0">
   <subfield code="a">Computer conferencing</subfield>
   <subfield code="x">Software.</subfield>
  </datafield>
  <datafield tag="653" ind1="0" ind2="0">
   <subfield code="a">Data conferencing.</subfield>
  </datafield>
  <datafield tag="653" ind1="0" ind2="0">
   <subfield code="a">eXplain.</subfield>
  </datafield>
  <datafield tag="700" ind1="1" ind2=" ">
   <subfield code="a">Maniquis, Nancy F.</subfield>
  </datafield>
  <datafield tag="700" ind1="1" ind2=" ">
   <subfield code="a">Montana, Roel S.</subfield>
  </datafield>
  <datafield tag="700" ind1="1" ind2=" ">
   <subfield code="a">See, Kenneth O.</subfield>
  </datafield>
  <datafield tag="700" ind1="1" ind2=" ">
   <subfield code="a">Villegas, Cyril Ma Alva Zita F.</subfield>
  </datafield>
  <datafield tag="842" ind1=" " ind2=" ">
   <subfield code="a">Thesis</subfield>
  </datafield>
  <datafield tag="905" ind1=" " ind2=" ">
   <subfield code="a">FI</subfield>
  </datafield>
  <datafield tag="905" ind1=" " ind2=" ">
   <subfield code="a">UP</subfield>
  </datafield>
  <datafield tag="852" ind1="0" ind2=" ">
   <subfield code="a">UPD</subfield>
   <subfield code="b">DENG-II</subfield>
   <subfield code="h">LG 993.5 1995 C65 G42</subfield>
  </datafield>
  <datafield tag="942" ind1=" " ind2=" ">
   <subfield code="a">Thesis</subfield>
  </datafield>
 </record>
</collection>
